00439 a2200157 4500001000700000003000400007005001700011008004100028082001700069100002300086245009000109260003200199300001000231700001900241700002100260132082OSt20211008171852.0  a519.55bW87A1 aWoodward, Wayne A.1 aApplied time series analysiscby Wayne A. Woodward, Henry L. Gray and Alan C. Elliott aBoca RatonbCRC Pressc2012 a540p. aGray, Henry L. aElliott, Alan C.